Selekcjonerzy reprezentacji Holandii - nagła śmierć - Statystyki

Ogólne statystyki
  • Ten quiz został rozwiązany 44 razy
  • Średni wynik to 7 z 10
Answers on the Grid
Answers color-coded by a green-red scale on the quiz's grid according to % correct below.
Ronald Koeman
Julian Nagelsmann
Louis van Gaal
Maurizio Sarri
Antonio Conte
Frank de Boer
Niels Frederiksen
Dick Advocaat
Guus Hiddink
Rafael Benítez
Hansi Flick
Bert van Marwijk
Vincent Kompany
Marco van Basten
Urs Fischer
Frank Rijkaard
Ralf Hasenhüttl
Leo Beenhakker
Ralf Rangnick
Rinus Michels
 
Statystyki odpowiedzi
Odpowiedź % Poprawnych
Ronald Koeman
97%
Louis van Gaal
93%
Frank de Boer
83%
Dick Advocaat
79%
Bert van Marwijk
76%
Frank Rijkaard
76%
Guus Hiddink
76%
Marco van Basten
69%
Leo Beenhakker
48%
Rinus Michels
48%
Nie znaleziono quizów pasujących do podanych kryteriów
Rozkład punktacji
Procent ludzi z każdym wynikiem
Percentyl według liczby udzielonych odpowiedzi
Twoja historia wyników
Nie rozwiązałeś tego quizu